Loading...
| Philosophy | 0 | 7 | 0 | 0 | 70 | 84 | 113.29 | 1 | 3 | 9.78 | 29.09 |
| Literature - British | 0 | 7 | 1 | 0 | 65 | 48 | 108.57 | 2 | 4 | 13.97 | 40.00 |
| Literature - European | 0 | 6 | 0 | 2 | 60 | 38 | 101.00 | 2 | 3 | 14.70 | 30.91 |
| Fine Arts - Other | 0 | 4 | 0 | 0 | 40 | 119 | 124.75 | 0 | 1 | 4.49 | 23.64 |
| Literature - World | 0 | 3 | 0 | 0 | 30 | 78 | 86.33 | 0 | 2 | 10.42 | 18.18 |
| Fine Arts - Painting and Sculpture | 0 | 3 | 1 | 0 | 25 | 101 | 116.67 | 0 | 1 | 3.48 | 13.64 |
| History - European | 0 | 2 | 0 | 1 | 20 | 87 | 114.50 | 0 | 0 | 3.10 | 2.73 |
| Literature - American | 0 | 2 | 0 | 0 | 20 | 12 | 79.50 | 1 | 1 | 8.31 | 10.91 |
| Other Academic | 0 | 2 | 0 | 0 | 20 | 74 | 101.00 | 0 | 1 | 29.49 | 55.00 |
| Mythology | 0 | 2 | 1 | 1 | 15 | 111 | 121.00 | 0 | 1 | 1.22 | 7.27 |
| Current Events | 0 | 1 | 0 | 0 | 10 | 79 | 79.00 | 0 | 0 | 11.39 | 16.67 |
| Fine Arts - Classical Music | 0 | 1 | 0 | 1 | 10 | 125 | 125.00 | 0 | 0 | -0.07 | 0.91 |
| History - American | 0 | 1 | 0 | 0 | 10 | 127 | 127.00 | 0 | 0 | 0.00 | 0.91 |
| Science - Chemistry | 0 | 1 | 0 | 0 | 10 | 117 | 117.00 | 0 | 1 | 0.30 | 3.64 |
| Science - Physics | 0 | 1 | 0 | 0 | 10 | 118 | 118.00 | 0 | 0 | -0.16 | 0.91 |
| Science - Other | 0 | 0 | 0 | 0 | 0 | 0.00 | 0 | 0 | 0.00 | 0.00 | |
| History - Other | 0 | 0 | 0 | 0 | 0 | 0.00 | 0 | 0 | 0.00 | 0.00 | |
| Social Science | 0 | 0 | 0 | 0 | 0 | 0.00 | 0 | 0 | 0.00 | 0.00 |